000 00581nam a2200205Ia 4500
005 20250326144150.0
008 250326s9999 xx 000 0 und d
020 _a978-981-230-763-7
037 _aTextbook
040 _aFMSL
_beng
_cFMSL
041 _aeng
_2eng
084 _aX8(A) P8
_qFMSL
100 _aKuroiwa I
_9749159
245 0 _aProduction network and industrial clusters
_cKuroiwa I; Heng T M
260 _aSingapore
_bSingapore, ISEAS
_c2008
300 _a363p
365 _b2352.7849999999999
942 _cTB
_hX8(A) P8
999 _c1302628
_d1302628